American Idol Winners Quiz Stats

 Plays Quiz Updated Oct 1, 2019

Score 0/34 Timer 03:00
0 Plays Today
Year Singer % Correct
2002 (1st Season)Kelly Clarkson
95.6%
2005 (4th Season)Carrie Underwood
82.8%
2004 (3rd Season)Fantasia Barrino
74.3%
2003 (2nd Season)Ruben Studdard
71.6%
2003 (2nd Season)Clay Aiken
69.3%
2008 (7th Season)David Cook
64.4%
2006 (5th Season)Taylor Hicks
60.7%
2007 (6th Season)Jordin Sparks
55.9%
2008 (7th Season)David Archuleta
47.1%
2002 (1st Season)Justin Guarini
43.3%
2012 (11th Season)Phillip Phillips
41.7%
2005 (4th Season)Bo Bice
41.4%
2009 (8th Season)Adam Lambert
40.7%
2009 (8th Season)Kris Allen
40.6%
2006 (5th Season)Katharine McPhee
35%
2004 (3rd Season)Diana DeGarmo
24.4%
2018 (16th Season) Maddie Poppe
21.4%
Year Singer % Correct
2007 (6th Season)Blake Lewis
21.3%
2012 (11th Season)Jessica Sanchez
18.9%
2013 (12th Season)Candice Glover
18.8%
2016 (15th Season) Trent Harmon
17.8%
2014 (13th Season)Caleb Johnson
17.5%
2015 (14th Season)Nick Fradiani
14.6%
2018 (16th Season) Caleb Lee Hutchinson
13.1%
2016 (15th Season) La'Porsha Renae
11.8%
2013 (12th Season)Kree Harrison
11.8%
2010 (9th Season)Lee DeWyze
11.4%
2015 (14th Season)Clark Beckham
10.7%
2014 (13th Season)Jena Irene
10.2%
2010 (9th Season)Crystal Bowersox
8.9%
2011 (10th Season)Scotty McCreery
4.9%
2019 (17th Season)Laine Hardy
4.4%
2011 (10th Season)Lauren Alaina
3.7%
2019 (17th Season)Alejandro Aranda
1.1%

You're not logged in!

Compare scores with friends on all Sporcle quizzes.
OR
Log In

Sporcle TV

Today on Sporcle TV


Watch our educational content, quiz creation guides, and fun videos on Sporcle TV.

Show Comments

Extras

Top Quizzes Today


Score Distribution

Your Account Isn't Verified!

In order to create a playlist on Sporcle, you need to verify the email address you used during registration. Go to your Sporcle Settings to finish the process.

Report this User

Report this user for behavior that violates our Community Guidelines.

Details: